000 01281nmm a2200457 a 4500
003 AR-BaBNM
005 20251128210432.0
008 011101s1998 ||||||||||||||000 | spa||
020 _a950-808-191-0
040 _cAR-BaBNM
100 1 _aGuelman de Javkin, Mirta
245 1 0 _aUna escuela para creer y saber crecer
260 _aRosario
_bHomo Sapiens Ediciones
_c1998
300 0 _a145 p.
_bil.
600 1 4 _aCopérnico, Nicolás
_d1473-1543
600 1 4 _aGalilei, Galileo
600 1 4 _aHernández, José
600 1 4 _aBerni, Antonio
600 1 4 _aRodó, José Enrique
600 1 4 _aLorenz, Konrad
600 0 4 _aArquímedes
600 1 4 _aBorges, Jorge Luis
600 1 4 _aSábato, Ernesto
600 1 4 _aPopper, Karl Raimund
600 1 4 _aRousseau, Jean-Jacques
600 1 4 _aSchubert, Franz
600 1 4 _aSkeels, Harold
600 1 4 _aSaint Exupery, Antoine De
600 1 4 _aGibran, Khalil
650 4 _aPAPEL DE LA ESCUELA
650 4 _aROL DEL DOCENTE
650 4 _aPAPEL DEL ALUMNO
650 4 _aJUEGO
653 _aAPRENDIZAJE SIGNIFICATIVO
653 _aAPRENDER A APRENDER
653 _aEDUCACION PERSONALIZADA
653 _aEDUCACION EN VALORES
653 _aPROCESO DE ENSENANZA-APRENDIZAJE
942 _cBK
998 _cRAQUEL
999 _c15473
_d15473